000 00824nam a2200289Ia 4500
001 84435
003 IT-RoPAU
008 130308s9999 xx 000 0 und d
040 _aIT-RoPAU
040 _cIT-RoPAU
041 _aITALIANO
100 _aBuratta Paola
100 _gCodice Aut. SPICS: 29354
245 _aLinguaggio della pubblicitĂ  della cosmesi femminile (1984-85) (Il)
245 _bUna Lingua in Vendita-L'Italiano della Pubblicita'
250 _a1a ed.
260 _aROMA
260 _bLa Nuova Italia Scientifica
260 _c1989 [1° Ed.:1989 - Ed.Ling.Originale:1987]
300 _a"9 p. (prefazione: no ; testo: 9 [pagine: 203-211])"
650 _aLINGUAGGIO DELLA PUBBLICITA'
650 _eCodice materia Spics: 6204
942 _cBK
957 _71
999 _c48552
_d48552
999 _bSI
999 _g1